Environmental engineering science

This book covers the fundamentals of environmental engineering and applications in water quality, air quality, and hazardous waste management. It begins by describing the fundamental principles that serve as the foundation of the entire field of environmental engineering. Readers are then systematic...

Cur síos iomlán

Đã lưu trong:
Sonraí Bibleagrafaíochta
Príomhúdar: Nazaroff, W. W.
Formáid: Leabhar
Teanga:Undetermined
Foilsithe: New York Wiley 2001
Ábhair:
Clibeanna: Cuir Clib Leis
Gan Chlibeanna, Bí ar an gcéad duine leis an taifead seo a chlibeáil!
Thư viện lưu trữ: Trung tâm Học liệu Trường Đại học Cần Thơ
LEADER 01062nam a2200205Ia 4500
001 CTU_158347
008 210402s9999 xx 000 0 und d
020 |c 147 
082 |a 628 
082 |b N335 
100 |a Nazaroff, W. W. 
245 0 |a Environmental engineering science 
245 0 |c William W. Nazaroff, Lisa Alvarez-Cohen 
260 |a New York 
260 |b Wiley 
260 |c 2001 
520 |a This book covers the fundamentals of environmental engineering and applications in water quality, air quality, and hazardous waste management. It begins by describing the fundamental principles that serve as the foundation of the entire field of environmental engineering. Readers are then systematically reintroduced to these fundamentals in a manner that is tailored to the needs of environmental engineers, and that is not too closely tied to any specific application. 
650 |a Environmental engineering,Air quality management,Water quality management,Pollution 
904 |i Giang 
980 |a Trung tâm Học liệu Trường Đại học Cần Thơ